[Event "Novosibirsk Sukharev Memorial op"]
[Site "Novosibirsk"]
[Date "2012.07.21"]
[Round "4"]
[White "Makarov, Dmitry"]
[Black "Begishev, Sergei"]
[Result "0-1"]
[WhiteElo "1776"]
[BlackElo "1938"]
[PlyCount "130"]
[EventDate "2012.07.18"]
[EventType "swiss"]
[EventRounds "9"]
[EventCountry "RUS"]
[SourceTitle "EXT 2013"]
[Source "ChessBase"]
[SourceDate "2012.11.22"]
[SourceVersion "1"]
[SourceVersionDate "2012.11.22"]
[SourceQuality "1"]

1. d4 d6 2. c4 e5 3. d5 Nf6 4. Nc3 Nbd7 5. e4 Nc5 6. Qc2 a5 7. Nf3 Be7 8. Be2 0-0 9. 0-0 h6 10. b3 Bg4 11. Be3 Nfd7 12. Nd2 Nf6 13. f3 Bh5 14. a3 Na6 15. Rab1 Bg6 16. b4 axb4 17. axb4 Nd7 18. Na4 Nf6 19. Qb3 Nh5 20. c5 Qe8 21. Bb5 Qxb5 22. c6 bxc6 23. dxc6 Nb8 24. Nc3 Qxc6 25. Rfc1 Qd7 26. Nd5 Bd8 27. b5 Nf6 28. Rb2 Nxd5 29. Qxd5 Ra3 30. Nc4 Ra4 31. Qd1 Ra8 32. Qd5 c6 33. bxc6 Qxc6 34. Qd1 Qa6 35. Nxd6 Be7 36. Rb6 Qa2 37. Nc4 Rd8 38. Qe1 Nd7 39. Rb2 Qa6 40. Nb6 Nxb6 41. Rxb6 Qd3 42. Rbb1 Bg5 43. Bxg5 hxg5 44. Rd1 Qa6 45. Rdc1 f6 46. h3 Bf7 47. Ra1 Qb6+ 48. Kh2 Rxa1 49. Rxa1 Qb2 50. Rb1 Qd4 51. Rc1 Ra8 52. Rd1 Qa4 53. Rc1 Bb3 54. Rb1 Qa2 55. Qg1 Rd8 56. Ra1 Qd2 57. Rb1 Bc2 58. Ra1 Qf4+ 59. Kh1 Rd2 60. Ra8+ Kh7 61. Ra1 f5 62. exf5 Bxf5 63. Re1 e4 64. fxe4 Bxe4 65. Rf1 Qg3 0-1